000
00228nam a2200085Ia 4500
245
0
_a
Readings in African politics
100
_a
Young, Tom Oxford, 2003
_9
115053
942
_c
BK
008
210825s9999 xx 000 0 und d
999
_c
553445
_d
553444